000 00855pam a2200265 a 4500
001 015483199
003 OSt
005 20201128021025.0
008 100202t2010 xxkak frb 001 0 eng d
020 _a9780077119980 (pbk.)
020 _a0077119983 (pbk.)
040 _aStDuBDS
_beng
_cStDuBDS
_dUk
082 0 4 _a658.3
_222
_bBOS
100 1 _aBoselie, Paul
_934969
245 1 0 _aStrategic human resource management :
_ba balanced approach /
_cPaul Boselie.
260 _aLondon :
_bMcGraw-Hill Higher Education,
_cc.2010.
300 _axxii, 317 p. :
_bforms, tables ;
_c25 cm.
500 _aIndex : p. 307-317.
504 _aIncludes bibliographical references.
650 0 _aPersonnel management
_9994
650 0 _aStrategic planning
_91643
653 _cJanuary2014
_cMarch2015
_bBUSADM
655 _vreading book
_934232
942 _2ddc
_k658.3 BOS
999 _c17984
_d17956